[Event "Almaty Fizmat op"]
[Site "Almaty"]
[Date "2021.10.10"]
[Round "8"]
[White "Nurdaulet, Olzhas"]
[Black "Kuandykuly, Danis"]
[Result "1-0"]
[WhiteElo "1689"]
[BlackElo "1733"]
[PlyCount "119"]
[EventDate "2021.10.08"]
[EventType "swiss (rapid)"]
[EventRounds "9"]
[EventCountry "KAZ"]
[SourceTitle "EXT 2023"]
[Source "ChessBase"]
[SourceDate "2022.10.05"]
[SourceVersion "1"]
[SourceVersionDate "2022.10.05"]
[SourceQuality "1"]

1. e4 c5 2. Nc3 Nc6 3. Bb5 Nd4 4. Bc4 e6 5. Nge2 Nf6 6. 0-0 d6 7. d3 Nxe2+ 8. Qxe2 Be7 9. Bf4 0-0 10. Rfe1 Re8 11. h3 Bd7 12. Bb5 Bxb5 13. Nxb5 Qb6 14. c4 Rad8 15. a4 a5 16. Rad1 Qc6 17. b3 Qb6 18. Kh1 Rd7 19. Bd2 Rdd8 20. Bc3 Nd7 21. Qd2 Ra8 22. f4 Bf6 23. Bxf6 Nxf6 24. e5 dxe5 25. fxe5 Nd7 26. Qf4 Rad8 27. Re3 Nb8 28. Rg3 Nc6 29. Qg5 g6 30. h4 Rd7 31. Nd6 Rf8 32. Ne4 Qc7 33. Nf6+ Kg7 34. Nxd7 Qxd7 35. Qf6+ Kg8 36. h5 Ne7 37. Rf1 Qd8 38. h6 Nf5 39. Rxf5 Qxf6 40. Rxf6 Rd8 41. Rf4 Rd7 42. Kg1 b6 43. Kf2 Kf8 44. Ke3 Ke8 45. Rgf3 Kf8 46. Rf6 Ke8 47. Rf2 Rc7 48. R6f4 Rd7 49. Rd2 g5 50. Rg4 Kf8 51. d4 cxd4+ 52. Rdxd4 Rc7 53. Rxg5 Rc5 54. Re4 f6 55. Rg7 f5 56. Rd4 Rxe5+ 57. Kf4 Ke8 58. Kxe5 b5 59. Kxe6 b4 60. Rg8# 1-0

[Event "Almaty Fizmat op"]
[Site "Almaty"]
[Date "2021.10.09"]
[Round "7"]
[White "Tulendinov, Dinmukhammed"]
[Black "Nurdaulet, Olzhas"]
[Result "1-0"]
[WhiteElo "1698"]
[BlackElo "1689"]
[PlyCount "41"]
[EventDate "2021.10.08"]
[EventType "swiss (rapid)"]
[EventRounds "9"]
[EventCountry "KAZ"]
[SourceTitle "EXT 2023"]
[Source "ChessBase"]
[SourceDate "2022.10.05"]
[SourceVersion "1"]
[SourceVersionDate "2022.10.05"]
[SourceQuality "1"]

1. e4 e6 2. d4 d5 3. Nd2 Nc6 4. Ngf3 Nf6 5. e5 Nd7 6. Nb3 f6 7. exf6 Qxf6 8. Bg5 Qf7 9. Bh4 h6 10. Bg3 Bd6 11. Be2 Bxg3 12. hxg3 Nf6 13. 0-0 Bd7 14. Nc5 0-0-0 15. a4 g5 16. Bb5 Rhg8 17. b4 g4 18. Bxc6 Bxc6 19. Ne5 Qe8 20. Qe2 Ne4 21. b5 1-0

[Event "Almaty Fizmat op"]
[Site "Almaty"]
[Date "2021.10.08"]
[Round "3"]
[White "Konrataliyev, Alan"]
[Black "Nurdaulet, Olzhas"]
[Result "0-1"]
[WhiteElo "1244"]
[BlackElo "1689"]
[PlyCount "72"]
[EventDate "2021.10.08"]
[EventType "swiss (rapid)"]
[EventRounds "9"]
[EventCountry "KAZ"]
[SourceTitle "EXT 2023"]
[Source "ChessBase"]
[SourceDate "2022.10.05"]
[SourceVersion "1"]
[SourceVersionDate "2022.10.05"]
[SourceQuality "1"]

1. e4 e6 2. Nf3 d5 3. exd5 exd5 4. d4 Bd6 5. Bd3 Ne7 6. 0-0 0-0 7. c3 Nbc6 8. Re1 Bf5 9. Bg5 Qd7 10. Qc2 Bxd3 11. Qxd3 h6 12. Bxe7 Nxe7 13. Nbd2 Ng6 14. Nf1 Nf4 15. Qd2 Rfe8 16. Ng3 c6 17. Rad1 Qg4 18. h3 Nxh3+ 19. gxh3 Qxf3 20. Re3 Rxe3 21. Qxe3 Qxe3 22. fxe3 Bxg3 23. Kg2 Bd6 24. Kf3 f5 25. Rg1 Kf7 26. h4 g6 27. a3 Be7 28. Rh1 Kf6 29. Kf2 h5 30. Rg1 Bf8 31. Ke2 Re8 32. Rg3 f4 33. Rf3 Rxe3+ 34. Rxe3 fxe3 35. Kxe3 Kf5 36. b4 b5 0-1

[Event "Almaty Fizmat op"]
[Site "Almaty"]
[Date "2021.10.08"]
[Round "4"]
[White "Nurdaulet, Olzhas"]
[Black "Kim, Andrey"]
[Result "0-1"]
[WhiteElo "1689"]
[BlackElo "2059"]
[PlyCount "63"]
[EventDate "2021.10.08"]
[EventType "swiss (rapid)"]
[EventRounds "9"]
[EventCountry "KAZ"]
[SourceTitle "EXT 2023"]
[Source "ChessBase"]
[SourceDate "2022.10.05"]
[SourceVersion "1"]
[SourceVersionDate "2022.10.05"]
[SourceQuality "1"]

1. e4 c5 2. Nc3 d6 3. f4 Nc6 4. Nf3 g6 5. Bb5 Bg7 6. 0-0 Nf6 7. d3 Bg4 8. h3 Bxf3 9. Qxf3 0-0 10. Bxc6 bxc6 11. Kh1 Qb6 12. Rb1 Rab8 13. Be3 Nd7 14. Qg4 Rb7 15. Ne2 Rfb8 16. b3 Qa5 17. a4 d5 18. Rbd1 Nf8 19. Bd2 Qa6 20. Bc3 c4 21. Bxg7 Kxg7 22. dxc4 dxc4 23. Nd4 cxb3 24. cxb3 Kh8 25. f5 Rd8 26. fxg6 fxg6 27. Rf3 Rbd7 28. Rdf1 Qc8 29. Nxc6 Qxc6 30. Rxf8+ Rxf8 31. Rxf8+ Kg7 32. Rf1 0-1